[Event "Baden-ch Seniors"]
[Site "Emmendingen"]
[Date "2012.06.02"]
[Round "1"]
[White "Reis, Hans Helmut"]
[Black "Kessler, Klaus"]
[Result "1-0"]
[WhiteElo "2006"]
[BlackElo "1625"]
[PlyCount "120"]
[EventDate "2012.06.02"]
[EventType "swiss"]
[EventRounds "9"]
[EventCountry "GER"]
[SourceTitle "CBM 148 Extra"]
[Source "ChessBase"]
[SourceDate "2012.06.22"]
[SourceVersion "1"]
[SourceVersionDate "2012.06.22"]
[SourceQuality "1"]

1. d4 f5 2. Bf4 Nf6 3. e3 d5 4. c4 e6 5. Nc3 Bd6 6. Bxd6 cxd6 7. cxd5 0-0 8. Bc4 exd5 9. Bxd5+ Nxd5 10. Nxd5 Be6 11. Nf4 Bf7 12. Nge2 g5 13. Nd3 Bd5 14. 0-0 Nc6 15. Nc3 Bf7 16. Qd2 a6 17. Rac1 h6 18. b3 Qf6 19. f4 g4 20. Qf2 Ne7 21. e4 fxe4 22. Nxe4 Qf5 23. Qe2 Bg6 24. Ndf2 Qxf4 25. g3 Qf3 26. Qxf3 gxf3 27. Nxd6 Nc6 28. Rfd1 Rab8 29. Nxb7 Nxd4 30. Rxd4 Rxb7 31. Rd6 Kg7 32. Rxa6 Be8 33. Ra8 Re7 34. a4 Rf6 35. Nd3 Re2 36. Nf4 Re3 37. Rxe8 f2+ 38. Kf1 Rxe8 39. Nh5+ Kg6 40. Nxf6 Kxf6 41. Kxf2 Rb8 42. Rc6+ Kg7 43. Rc3 Kf6 44. Ke3 Ke5 45. Rc5+ Kd6 46. Rb5 Re8+ 47. Kf4 Rf8+ 48. Kg4 Rg8+ 49. Kh5 Kc6 50. g4 Ra8 51. h4 Rg8 52. b4 Ra8 53. Rc5+ Kd6 54. Ra5 Rb8 55. Ra6+ Kd5 56. b5 Kc5 57. Rxh6 Rd8 58. g5 Rd5 59. Ra6 Kc4 60. Kh6 Rd4 1-0